000 00427nam a2200157 i 4500
001 133973
003 ES-MaACL
005 20230906194554.0
007 t|
008 070904s1920 xxk ||||1| eng d
100 1 _aWest, Julius.
_9116548
245 1 2 _aA history of the Chartist Movement /
_cby Julius West.
260 _aLondon :
_bConstable & Co.,
_c1920.
300 _aXII, 316 p. ;
_c23 cm.
852 _aES-MaACL
_jF-4983
999 _c133973
_d133973